000
00254 a2200109 4500
001
76732
082
_a
891.4394 ASK
090
_c
39251
_d
39251
100
_a
Askari,Muhammad Hasan
245
_a
Majmoo'a Muhammad Hasan Askari
260
_b
Sang-e-meel
942
_a
NUST-CAE
_k
891.4394 ASK
999
_c
311805
_d
311805